000 00437nam a2200181Ia 4500
001 24172
005 20260414151025.0
008 260414t2018||||xx |||||||||||||| ||spa||
041 _aESP
082 _a791.436
_bN25
100 _aNarváez Hernández, José Ramón
_eAUT
245 0 _aLos jueces en el cine
_b
260 _c2018
300 _a342 páginas :
_c21 cm.
650 _aABD
654 _aCAU
942 _cLIB
_dJUS
_fJUS
_2ddc
_n
999 _c24172
_d24172